| 000 | 00437nam a22001697a 4500 | ||
|---|---|---|---|
| 005 | 20180704123349.0 | ||
| 008 | 160620b xxu||||| |||| 00| 0 eng d | ||
| 020 | _a978-81-315-049-8 | ||
| 041 | _aeng | ||
| 082 |
_b8332 _a658.15 |
||
| 100 |
_aBrigham , Eugene F. and Ehrharde, Michel C. _94456 |
||
| 245 | _aFinancial Management | ||
| 260 |
_bCengage Learning _aNEW DELHI |
||
| 300 | _a792p, | ||
| 650 |
_aManagement _9241 |
||
| 942 | _cBK | ||
| 999 |
_c3189 _d3188 |
||